Normal view
MARC view
- Muhammad Nasar Jamal
Entry Personal Name
001 - CONTROL NUMBER
- control field: 10074
003 - CONTROL NUMBER IDENTIFIER
- control field: NUST
005 - DATE AND TIME OF LATEST TRANSACTION
- control field: 20180302063335.0
008 - FIXED-LENGTH DATA ELEMENTS
- fixed length control field: 180302|| aca||aabn | a|a d
040 ## - CATALOGING SOURCE
- Original cataloging agency: NUST
- Transcribing agency: NUST
100 ## - HEADING--PERSONAL NAME
- Personal name: Muhammad Nasar Jamal
670 ## - SOURCE DATA FOUND
- Source citation: Work cat.: (NUST): Muhammad Nasar Jamal, Non-orthogonal multiple access for 5G communication systems, 2018
